Countries With X,Y or Z - Statistics

General Stats
  • This quiz has been taken 84 times
    71 since last reset
  • The average score is 25 of 36
Answers on the Map
Answers color-coded by a green-red scale on the quiz's map according to % correct below.
 
Answer Stats
Country % Correct
Zambia
95%
Zimbabwe
93%
Mexico
91%
Yemen
91%
Uruguay
81%
Azerbaijan
79%
Belize
79%
Paraguay
79%
Brazil
77%
Italy
77%
New Zealand
77%
Venezuela
77%
Germany
75%
Kyrgyzstan
75%
Switzerland
75%
Uzbekistan
75%
Guyana
74%
Kazakhstan
72%
Luxembourg
72%
Norway
72%
Mozambique
68%
Turkey
67%
Libya
63%
Seychelles
61%
Hungary
60%
Tanzania
60%
Cyprus
58%
Bosnia and Herzegovina
56%
Egypt
56%
Czech Republic
54%
Kenya
54%
Myanmar
53%
Syria
53%
Malaysia
47%
Vatican City
39%
Ivory Coast
30%
No matching quizzes found
Score Distribution
Percent of People with Each Score
Percentile by Number Answered
Your Score History
You have not taken this quiz since the last reset